Imágenes e Ideas : El Renacimiento en la historia del arte y del pensamiento
Uloženo v:
| Hlavní autor: | |
|---|---|
| Médium: | Kniha |
| Jazyk: | Undetermined |
| Vydáno: |
San José, Costa Rica
Imprenta y Litografía Argentina
2010
|
| Témata: | |
| Tagy: |
Přidat tag
Žádné tagy, Buďte první, kdo vytvoří štítek k tomuto záznamu!
|
MARC
| LEADER | 00000nam a2200000Ia 4500 | ||
|---|---|---|---|
| 008 | 170316s9999 xx 000 0 und d | ||
| 090 | |a 100 U-1.1i | ||
| 100 | |a Ulloa Molina, Edgar | ||
| 245 | |a Imágenes e Ideas : El Renacimiento en la historia del arte y del pensamiento | ||
| 260 | |a San José, Costa Rica | ||
| 260 | |b Imprenta y Litografía Argentina | ||
| 260 | |c 2010 | ||
| 300 | |a 284 páginas | ||
| 650 | |a FILOSOFÍA | ||
| 650 | |a HISTORIA DEL RENACIMIENTO | ||
| 650 | |a FILOSOFÍA RENACENTISTA | ||
| 650 | |a PLATÓNISMO | ||
| 999 | |c 17810 |d 17810 | ||
| 040 | |a cru BVZT | ||
| 942 | |c 15 D |h 100 U-1.1i |2 z | ||
